<?xml version="1.0" encoding="UTF-8"?><?xml-stylesheet type="text/xsl" href="static/style.xsl"?><OAI-PMH xmlns="http://www.openarchives.org/OAI/2.0/" xmlns:xsi="http://www.w3.org/2001/XMLSchema-instance" xsi:schemaLocation="http://www.openarchives.org/OAI/2.0/ http://www.openarchives.org/OAI/2.0/OAI-PMH.xsd"><responseDate>2026-04-14T04:25:11Z</responseDate><request verb="GetRecord" identifier="oai:www.recercat.cat:20.500.12327/3651" metadataPrefix="marc">https://recercat.cat/oai/request</request><GetRecord><record><header><identifier>oai:recercat.cat:20.500.12327/3651</identifier><datestamp>2025-10-22T11:26:14Z</datestamp><setSpec>com_2072_4428</setSpec><setSpec>com_2072_4427</setSpec><setSpec>col_2072_487898</setSpec></header><metadata><record xmlns="http://www.loc.gov/MARC21/slim" xmlns:dcterms="http://purl.org/dc/terms/" xmlns:xsi="http://www.w3.org/2001/XMLSchema-instance" xmlns:doc="http://www.lyncode.com/xoai" xsi:schemaLocation="http://www.loc.gov/MARC21/slim http://www.loc.gov/standards/marcxml/schema/MARC21slim.xsd">
   <leader>00925njm 22002777a 4500</leader>
   <datafield ind2=" " ind1=" " tag="042">
      <subfield code="a">dc</subfield>
   </datafield>
   <datafield ind2=" " ind1=" " tag="720">
      <subfield code="a">Lipan, Leontina</subfield>
      <subfield code="e">author</subfield>
   </datafield>
   <datafield ind2=" " ind1=" " tag="720">
      <subfield code="a">Miarnau, Xavier</subfield>
      <subfield code="e">author</subfield>
   </datafield>
   <datafield ind2=" " ind1=" " tag="720">
      <subfield code="a">Cutrone, Michele</subfield>
      <subfield code="e">author</subfield>
   </datafield>
   <datafield ind2=" " ind1=" " tag="720">
      <subfield code="a">Calle, Alejandro</subfield>
      <subfield code="e">author</subfield>
   </datafield>
   <datafield ind2=" " ind1=" " tag="720">
      <subfield code="a">Sendra, Esther</subfield>
      <subfield code="e">author</subfield>
   </datafield>
   <datafield ind2=" " ind1=" " tag="720">
      <subfield code="a">Carbonell-Barrachina, Ángel A.</subfield>
      <subfield code="e">author</subfield>
   </datafield>
   <datafield ind2=" " ind1=" " tag="720">
      <subfield code="a">Batlle, Ignasi</subfield>
      <subfield code="e">author</subfield>
   </datafield>
   <datafield ind2=" " ind1=" " tag="720">
      <subfield code="a">Romero, Agusti</subfield>
      <subfield code="e">author</subfield>
   </datafield>
   <datafield ind2=" " ind1=" " tag="260">
      <subfield code="c">2025-02-01</subfield>
   </datafield>
   <datafield ind2=" " ind1=" " tag="520">
      <subfield code="a">Spanish almond industry expressed concerns over increasing kernel breakage during processing, particularly&#xd;
with the new almond cultivars introduced since 2005. This research aimed to (i) evaluate kernel breakage across&#xd;
different almond cultivars during shelling and blanching in Spanish industrial machines; (ii) identify the main&#xd;
factors contributing to breakage; and (iii) assess the impact of blanching on kernel color. Shelling breakage was&#xd;
lower in ‘Belona’ (2%) than ‘Guara’ (7%), potentially attributed to its higher water absorption and round shape.&#xd;
However, blanching, drastically increased breakage in ‘Belona’ (42%) compared to ‘Guara’ (29%). A large&#xd;
variability among cultivars (‘Carmel’ 12%, ‘Belona 2’ 32% significantly similar to ‘Guara’ 29%, and ‘Lauranne’&#xd;
43% significantly similar to ‘Belona’ 42%), was observed, but also between different batches of the same cultivar&#xd;
(‘Belona’ 42% and ‘Belona 2’ 32%), probably due to different growing conditions. ‘Lauranne’ and ‘Belona’&#xd;
exhibited a higher tendency to produce halves, whereas ‘Guara’ produced more pieces. Kernel breakage during&#xd;
blanching was significantly correlated with kernel width (r = 0.57***), protein, (r = − 0.83***), and fat content&#xd;
(r = 0.67***). Blanching significantly affected kernel color (‘Carmel’, ‘Belona 2’, ‘Guara’, ‘Lauranne’, ‘Belona’;&#xd;
ΔE = 19, 14, 12, 11, 10, respectively) and was identified as a critical control point for breakage across the&#xd;
processing line</subfield>
   </datafield>
   <datafield ind1="8" ind2=" " tag="024">
      <subfield code="a">Lipan, Leontina, Xavier Miarnau, Michele Cutrone, Alejandro Calle, Esther Sendra, Ángel A. Carbonell-Barrachina, Ignasi Batlle, and Agustí Romero. 2025. “Impact of industrial shelling and blanching on almond kernel integrity and color.” LWT, 218: 117472. doi: 10.1016/j.lwt.2025.117472</subfield>
   </datafield>
   <datafield ind1="8" ind2=" " tag="024">
      <subfield code="a">0023-6438</subfield>
   </datafield>
   <datafield ind1="8" ind2=" " tag="024">
      <subfield code="a">http://hdl.handle.net/20.500.12327/3651</subfield>
   </datafield>
   <datafield ind1="8" ind2=" " tag="024">
      <subfield code="a">https://doi.org/10.1016/j.lwt.2025.117472</subfield>
   </datafield>
   <datafield ind2="0" ind1="0" tag="245">
      <subfield code="a">Impact of industrial shelling and blanching on almond kernel integrity and color</subfield>
   </datafield>
</record></metadata></record></GetRecord></OAI-PMH>